00884 2200337 4500001002100000005001700021008004100038020002200079035002400101040001200125082001000137084001600147100002000163245007200183250001100255260002500266300003200291650001300323700001800336850001200354990001800366990001800384990001800402990001800420990001800438990001800456990001800474990001800492990001800510990001800528INLIS00000000002151520160802122029.0  a978-602-1667-40-8 0010-071600000000306 aYOPDYOG a153.8 a153.8 Nyo B aNyoman Sukadana aBoosting Your Careerc/ Nyoman Sukadana ; penyunting, Surip Prayugo aCet. I aBogorbBy Passc2015 a121 hlm.b: ilus.c; 17 cm. aMotivasi aSurip Prayugo aYOPDYOG a11229-KS/B.16 a11230-KS/B.16 a11231-KS/B.16 a11232-KS/B.16 a11233-KS/B.16 a11234-KS/B.16 a11235-KS/B.16 a11236-KS/B.16 a11237-KS/B.16 a11238-KS/B.16